000 00823nam a22002057a 4500
003 UA-OsUOA
001 42487
007 ta
008 20090206b un ||||| |||| 00| 0 ukr d
090 _a050
_bУ45
942 _cMG
040 _aUA-OsUOA
_beng
_cUA-OsUOA
_dUA-OsUOA
245 _aУкраїнський православний Вісник
_bAutumn 1995 - Winter 1996 (109-110). September 1988 (84). Summer 1994 (105). September 1981 (56). June 1981 (55). April 1981 (54). December 1981 (57). September 1982 (60). December 1982 (61).
955 _a4
041 _aeng
080 _a050
260 _aLancaster
650 7 _a050 Серійні публікації. Періодика галузі, Організація та інші типи поєднання (співробітництва)
_2UDC
999 _c440978
_d440978